<?xml version="1.0" encoding="UTF-8"?>
<collection xmlns="http://www.loc.gov/MARC21/slim">
 <record>
  <leader>01792nam a2200349   4500</leader>
  <controlfield tag="001">000010826</controlfield>
  <controlfield tag="003">7046</controlfield>
  <controlfield tag="005">20111222091200.0</controlfield>
  <controlfield tag="008">111222s2010                        viesd</controlfield>
  <datafield tag="041" ind1=" " ind2=" ">
   <subfield code="a">vie</subfield>
  </datafield>
  <datafield tag="072" ind1=" " ind2=" ">
   <subfield code="a">Luận văn Thạc sĩ khoa học giáo dục</subfield>
  </datafield>
  <datafield tag="082" ind1=" " ind2=" ">
   <subfield code="a">378.16</subfield>
   <subfield code="b">VO-S</subfield>
  </datafield>
  <datafield tag="100" ind1="1" ind2=" ">
   <subfield code="a">Võ Hồng Sơn</subfield>
  </datafield>
  <datafield tag="245" ind1="1" ind2=" ">
   <subfield code="a">Các biện pháp quản lý công tác giáo dục đạo đức cho học sinh sinh viên trường Cao đẳng Thương mại (Đà Nẵng) trong giai đoạn hiện nay.</subfield>
   <subfield code="c">Võ Hồng Sơn</subfield>
  </datafield>
  <datafield tag="260" ind1=" " ind2=" ">
   <subfield code="a">Đà Nẵng</subfield>
   <subfield code="b">Đại học Đà Nẵng</subfield>
   <subfield code="c">2010</subfield>
  </datafield>
  <datafield tag="300" ind1=" " ind2=" ">
   <subfield code="a">101 tr.</subfield>
   <subfield code="c">29 cm</subfield>
   <subfield code="e">1 tóm tắt</subfield>
  </datafield>
  <datafield tag="500" ind1=" " ind2=" ">
   <subfield code="a">Luận văn Thạc sĩ Khoa học giáo dục. Chuyên ngành: Quản lý giáo dục. Mã số: 60.14.05</subfield>
  </datafield>
  <datafield tag="520" ind1=" " ind2=" ">
   <subfield code="a">Cơ sở lý luận của việc quản lý công tác GDĐĐ cho HSSV. Thực trạng quản lý công tác giáo dục đạo đức cho HSSV trường Cao đẳng Thương mại (Đà Nẵng). Các biện pháp quản lý công tác giáo dục đào đức HSSV trường Cao đẳng Thương mại (Đà Nẵng)</subfield>
  </datafield>
  <datafield tag="653" ind1=" " ind2=" ">
   <subfield code="a">Giáo dục đạo đức cho HSSV</subfield>
  </datafield>
  <datafield tag="653" ind1=" " ind2=" ">
   <subfield code="a">Luận văn Thạc sĩ Khoa học giáo dục</subfield>
  </datafield>
  <datafield tag="653" ind1=" " ind2=" ">
   <subfield code="a">Trường Cao đẳng Thượng mại Đà Nẵng</subfield>
  </datafield>
  <datafield tag="700" ind1="1" ind2=" ">
   <subfield code="a">Hà Nhật Thăng</subfield>
   <subfield code="c">PGS.TS</subfield>
   <subfield code="e">Hướng dẫn</subfield>
  </datafield>
  <datafield tag="OWN" ind1=" " ind2=" ">
   <subfield code="a">LSP</subfield>
  </datafield>
  <datafield tag="AVA" ind1=" " ind2=" ">
   <subfield code="a">UDN50</subfield>
   <subfield code="b">LSP</subfield>
   <subfield code="d">378.16 VO-S</subfield>
   <subfield code="e">available</subfield>
   <subfield code="t">Error 5001 Not defined in file expand_doc_bib_avail.</subfield>
   <subfield code="f">1</subfield>
   <subfield code="g">0</subfield>
   <subfield code="h">N</subfield>
   <subfield code="i">0</subfield>
   <subfield code="k">1</subfield>
  </datafield>
  <datafield tag="999" ind1=" " ind2=" ">
   <subfield code="a">From the UDN01</subfield>
  </datafield>
  <datafield tag="AVA" ind1=" " ind2=" ">
   <subfield code="a">UDN50</subfield>
   <subfield code="b">LSP</subfield>
   <subfield code="d">378.16 VO-S</subfield>
   <subfield code="e">available</subfield>
   <subfield code="t">Error 5001 Not defined in file expand_doc_bib_avail.</subfield>
   <subfield code="f">1</subfield>
   <subfield code="g">0</subfield>
   <subfield code="h">N</subfield>
   <subfield code="i">0</subfield>
   <subfield code="k">1</subfield>
  </datafield>
  <datafield tag="TYP" ind1=" " ind2=" ">
   <subfield code="a">Monograph</subfield>
  </datafield>
  <datafield tag="TYP" ind1=" " ind2=" ">
   <subfield code="a">Printed language</subfield>
  </datafield>
  <datafield tag="980" ind1=" " ind2=" ">
   <subfield code="a">Mạng thư viện Đại học Đà Nẵng</subfield>
  </datafield>
 </record>
</collection>
